000
00249nam a2200109Ia 4500
008
190216s9999||||xx |||||||||||||| ||und||
100
_a
Pavithran
245
0
_a
Chillukottarathinde Kavalkar
260
_b
Dc Books
650
_a
Malayalam
942
_c
BK
999
_c
26043
_d
26043